<?xml version="1.0" encoding="UTF-8"?>
<record
    xmlns:xsi="http://www.w3.org/2001/XMLSchema-instance"
    xsi:schemaLocation="http://www.loc.gov/MARC21/slim http://www.loc.gov/standards/marcxml/schema/MARC21slim.xsd"
    xmlns="http://www.loc.gov/MARC21/slim">

  <leader>03730nam a2200493 i 4500</leader>
  <controlfield tag="001">51362</controlfield>
  <controlfield tag="003">FINmELB</controlfield>
  <controlfield tag="005">20241216232312.0</controlfield>
  <controlfield tag="006">m     o  u        </controlfield>
  <controlfield tag="007">cr cn|||||||||</controlfield>
  <controlfield tag="008">211013s2007    ag      o     000 0 spa d</controlfield>
  <datafield tag="020" ind1=" " ind2=" ">
    <subfield code="z">9789871305254</subfield>
  </datafield>
  <datafield tag="035" ind1=" " ind2=" ">
    <subfield code="a">(OCoLC)1280139031</subfield>
  </datafield>
  <datafield tag="040" ind1=" " ind2=" ">
    <subfield code="a">FINmELB</subfield>
    <subfield code="b">spa</subfield>
    <subfield code="e">rda</subfield>
    <subfield code="c">FINmELB</subfield>
  </datafield>
  <datafield tag="050" ind1=" " ind2="4">
    <subfield code="a">HD30.15</subfield>
    <subfield code="b">G464 2007</subfield>
  </datafield>
  <datafield tag="080" ind1=" " ind2=" ">
    <subfield code="a">658(03)</subfield>
  </datafield>
  <datafield tag="082" ind1="0" ind2="4">
    <subfield code="a">658.003</subfield>
    <subfield code="2">23</subfield>
  </datafield>
  <datafield tag="100" ind1="1" ind2=" ">
    <subfield code="a">Geoghegan, Abel Rodolfo,</subfield>
    <subfield code="e">autor.</subfield>
  </datafield>
  <datafield tag="245" ind1="1" ind2="0">
    <subfield code="a">Diccionario de Management :</subfield>
    <subfield code="b">ingl&#xE9;s-espa&#xF1;ol /</subfield>
    <subfield code="c">Abel Rodolfo Geoghegan.</subfield>
  </datafield>
  <datafield tag="264" ind1=" " ind2="1">
    <subfield code="a">Ciudad Aut&#xF3;noma de Buenos Aires :</subfield>
    <subfield code="b">Alfagrama Ediciones,</subfield>
    <subfield code="c">2007.</subfield>
  </datafield>
  <datafield tag="300" ind1=" " ind2=" ">
    <subfield code="a">1 recurso en l&#xED;nea (475 p&#xE1;ginas sin numerar)</subfield>
  </datafield>
  <datafield tag="336" ind1=" " ind2=" ">
    <subfield code="a">texto</subfield>
    <subfield code="b">txt</subfield>
    <subfield code="2">rdacontent/spa</subfield>
  </datafield>
  <datafield tag="337" ind1=" " ind2=" ">
    <subfield code="a">computadora</subfield>
    <subfield code="b">c</subfield>
    <subfield code="2">rdamedia/spa</subfield>
  </datafield>
  <datafield tag="338" ind1=" " ind2=" ">
    <subfield code="a">recurso en l&#xED;nea</subfield>
    <subfield code="b">cr</subfield>
    <subfield code="2">rdacarrier/spa</subfield>
  </datafield>
  <datafield tag="490" ind1="1" ind2=" ">
    <subfield code="a">Biblioteca Alfagrama</subfield>
  </datafield>
  <datafield tag="520" ind1=" " ind2=" ">
    <subfield code="a">El prop&#xF3;sito de este Diccionario de Management es poner una herramienta &#xFA;til, pr&#xE1;ctica y actualizada a disposici&#xF3;n de administradores y ejecutivos de empresas de los pa&#xED;ses de habla inglesa que tienen v&#xED;nculos comerciales, de negocios o financieros con los pa&#xED;ses hispano parlantes de Am&#xE9;rica Latina. Al mismo tiempo, ha sido elaborado para asistir a los administradores y ejecutivos de los pa&#xED;ses latinoamericanos que posean un buen conocimiento del idioma ingl&#xE9;s en general, pero particularmente de los t&#xE9;rminos comerciales y de administraci&#xF3;n norteamericanos. El Diccionario de Management incluye m&#xE1;s de 16.000 t&#xE9;rminos y frases seleccionadas en ingl&#xE9;s. Adem&#xE1;s de los t&#xE9;rminos corrientes o est&#xE1;ndar que ya se conocen y utilizan en el campo de la administraci&#xF3;n de empresas, en el comercio y los negocios, en la comercializazi&#xF3;n, etc., se ha procurado incorporar especialmente a todos aquellos t&#xE9;rminos en ingl&#xE9;s surgidos en los &#xFA;ltimos quince a&#xF1;os, aproximadamente. Muchos de ellos est&#xE1;n vinculados directamente a lo que se entiende tradicionalmente por management y corporate management, pero muchos otros est&#xE1;n relacionados con la incuestionable importancia de la evoluci&#xF3;n de la investigaci&#xF3;n y desarrollo tecnol&#xF3;gico, especialmente en todo lo referente a la computaci&#xF3;n y sus aplicaciones y servicios en econom&#xED;a, finanzas, banca, comercio, etc. Una caracter&#xED;stica esencialmente pr&#xE1;ctica de este diccionario, y que ahorra tiempo, es que adem&#xE1;s de proveer los equivalentes en espa&#xF1;ol para cada t&#xE9;rmino en ingl&#xE9;s, se proporcionan referencias cruzadas (*v. adem&#xE1;s:) que permiten identificar instant&#xE1;neamente otros t&#xE9;rminos en ingl&#xE9;s que est&#xE1;n relacionados, son afines, o son sin&#xF3;nimos o ant&#xF3;nimos. Como ejemplo: si se buscan las palabras check y contract, en cada una se encontrar&#xE1; bajo * v. adem&#xE1;s:, las distintas denominaciones en ingl&#xE9;s de los distintos tipos de cheques y contratos que se utilizan corrientemente, adem&#xE1;s de los sin&#xF3;nimos y ant&#xF3;nimos cuando corresponde.</subfield>
  </datafield>
  <datafield tag="588" ind1=" " ind2=" ">
    <subfield code="a">Descripci&#xF3;n basada en metadatos suministrados por el editor y otras fuentes.</subfield>
  </datafield>
  <datafield tag="590" ind1=" " ind2=" ">
    <subfield code="a">Recurso electr&#xF3;nico. Santa Fe, Arg.: elibro, 2021. Disponible v&#xED;a World Wide Web. El acceso puede estar limitado para las bibliotecas afiliadas a elibro.</subfield>
  </datafield>
  <datafield tag="650" ind1=" " ind2="0">
    <subfield code="a">Management</subfield>
    <subfield code="v">Dictionaries.</subfield>
  </datafield>
  <datafield tag="650" ind1=" " ind2="4">
    <subfield code="a">Trabajo.</subfield>
  </datafield>
  <datafield tag="650" ind1=" " ind2="4">
    <subfield code="a">Seguros.</subfield>
  </datafield>
  <datafield tag="650" ind1=" " ind2="4">
    <subfield code="a">Obras de referencia.</subfield>
  </datafield>
  <datafield tag="650" ind1=" " ind2="4">
    <subfield code="a">Negocios.</subfield>
  </datafield>
  <datafield tag="650" ind1=" " ind2="4">
    <subfield code="a">Finanzas.</subfield>
  </datafield>
  <datafield tag="650" ind1=" " ind2="4">
    <subfield code="a">Comercio.</subfield>
  </datafield>
  <datafield tag="650" ind1=" " ind2="4">
    <subfield code="a">Administraci&#xF3;n.</subfield>
  </datafield>
  <datafield tag="655" ind1=" " ind2="4">
    <subfield code="a">Libros electr&#xF3;nicos.</subfield>
  </datafield>
  <datafield tag="797" ind1="2" ind2=" ">
    <subfield code="a">elibro, Corp.</subfield>
  </datafield>
  <datafield tag="830" ind1=" " ind2="0">
    <subfield code="a">Biblioteca Alfagrama.</subfield>
  </datafield>
  <datafield tag="856" ind1="4" ind2="0">
    <subfield code="u">https://elibro.net/ereader/politecnicointernacional/188002</subfield>
  </datafield>
  <datafield tag="999" ind1=" " ind2=" ">
    <subfield code="c">51362</subfield>
    <subfield code="d">51362</subfield>
  </datafield>
</record>
